| 000 | 01176nam a22004097a 4500 | ||
|---|---|---|---|
| 001 | BR7908489 | ||
| 003 | BR-BrBNA | ||
| 005 | 20230928090356.0 | ||
| 007 | ta | ||
| 008 | 230509b bl.||||| |||| 00| 0 por d | ||
| 040 |
_aBR-BrBNA _bpor _cBiblioteca Nacional de Agricultura |
||
| 041 | _a(Por) | ||
| 072 |
_aF30; F60 _b/G514 _b/GZ74 |
||
| 090 | _ F30 BR7908489 | ||
| 100 | 1 | _aGuazzelli, R.J. | |
| 100 | 1 | _aPinheiro, B. da S. | |
| 100 | 1 | _aBarbosa Filho, M.P. | |
| 100 | 1 | _aFageria, N.K. | |
| 100 | 1 | _aSteinmetz, S. | |
| 100 | 1 | _aStone, T. de A.P. | |
| 100 | 1 | _aSilveira, P.M. da | |
| 111 | 1 |
_a5. Simposio sobre o Cerrado: Uso e Manejo _cBrasilia, DF (Brazil) _d1979 |
|
| 245 | 1 | _aMelhoramento vegetal para resistencia a seca nas condicoes do cerrado [Brasil] | |
| 260 | 3 |
_aBrasilia, DF (Brasil): _c1979. |
|
| 300 | _a15 p. | ||
| 500 | _aBibliography p. 13-15 (57 ref.) | ||
| 650 | _aMELHORAMENTO VEGETAL | ||
| 650 | _aLEGUMINOSA COM GRAO | ||
| 650 | _aSECA | ||
| 650 | _aVARIEDADE RESISTENTE | ||
| 650 | _aRELACAO AGUA-PLANTA | ||
| 650 | _aRAIZ | ||
| 650 | _aSOLO | ||
| 650 | _aCERRADO | ||
| 909 |
_a202309 _bLucia _c55 _dLucia Elande |
||
| 942 | _cBK | ||
| 999 |
_c28616 _d28616 |
||